Central Library OPAC University of Rajshahi
Normal view MARC view

Entry Personal Name

Number of records used in: 4

001 - CONTROL NUMBER

  • control field: 9390

003 - CONTROL NUMBER IDENTIFIER

  • control field: BD-RjUL

005 - DATE AND TIME OF LATEST TRANSACTION

  • control field: 20231008102937.0

008 - FIXED-LENGTH DATA ELEMENTS

  • fixed length control field: 231008|| aca||aabn | a|a d

040 ## - CATALOGING SOURCE

  • Original cataloging agency: BD-RjUL
  • Transcribing agency: BD-RjUL

100 ## - HEADING--PERSONAL NAME

  • Personal name: Mondal, Md. Azmal Hossain

670 ## - SOURCE DATA FOUND

  • Source citation: Work cat.: (BD-RjUL)82057: Mondal, Md. Azmal Hossain, Effect of Plant Growth Regulators and Micro-Nutrients on Yield, Quality Seed Production and Storage of potato in Tista Floodplain Soils of Bangladesh /, 2013